Visual C++.NET : the complete reference / (Record no. 62026)
[ view plain ]
| 000 -LEADER | |
|---|---|
| fixed length control field | 01173cam a22003137a 4500 |
| 001 - CONTROL NUMBER | |
| control field | 12758516 |
| 003 - CONTROL NUMBER IDENTIFIER | |
| control field | NUST-PNEC |
| 005 - DATE AND TIME OF LATEST TRANSACTION | |
| control field | 20170116180737.0 |
| 008 - FIXED-LENGTH DATA ELEMENTS--GENERAL INFORMATION | |
| fixed length control field | 020429s2002 nyua 001 0 eng d |
| 010 ## - LIBRARY OF CONGRESS CONTROL NUMBER | |
| LC control number | 2002280526 |
| 020 ## - INTERNATIONAL STANDARD BOOK NUMBER | |
| International Standard Book Number | 0072129581 |
| 035 ## - SYSTEM CONTROL NUMBER | |
| System control number | (OCoLC)ocm48971789 |
| 040 ## - CATALOGING SOURCE | |
| Original cataloging agency | ORX |
| Transcribing agency | PNEC |
| 042 ## - AUTHENTICATION CODE | |
| Authentication code | lccopycat |
| 050 00 - LIBRARY OF CONGRESS CALL NUMBER | |
| Classification number | QA76.73.C153 |
| Item number | M8658 2002 |
| 082 00 - DEWEY DECIMAL CLASSIFICATION NUMBER | |
| Classification number | 005.268 MUR |
| Edition number | 21 |
| 100 1# - MAIN ENTRY--PERSONAL NAME | |
| Personal name | Murray, William H., |
| Dates associated with a name | 1943- |
| 245 10 - TITLE STATEMENT | |
| Title | Visual C++.NET : the complete reference / |
| Statement of responsibility, etc. | William H. Murray III and Chris H. Pappas. |
| 246 30 - VARYING FORM OF TITLE | |
| Title proper/short title | Visual C++ .NET |
| 260 ## - PUBLICATION, DISTRIBUTION, ETC. | |
| Place of publication, distribution, etc. | New York : |
| Name of publisher, distributor, etc. | McGraw-Hill/Osborne, |
| Date of publication, distribution, etc. | c2002. |
| 300 ## - PHYSICAL DESCRIPTION | |
| Extent | xxix, 1073 p. : |
| Other physical details | ill. ; |
| Dimensions | 23 cm. |
| 500 ## - GENERAL NOTE | |
| General note | Includes index. |
| 630 00 - SUBJECT ADDED ENTRY--UNIFORM TITLE | |
| Uniform title | Microsoft Visual C++ |
| 650 #0 - SUBJECT ADDED ENTRY--TOPICAL TERM | |
| Topical term or geographic name entry element | Visual programming (Computer science) |
| General subdivision | MIS, Computer |
| 856 42 - ELECTRONIC LOCATION AND ACCESS | |
| Uniform Resource Identifier | <a href="http://www.amazon.com/Visual-NET-Reference-Chris-Pappas/dp/0072129581/ref=sr_1_8?s=books&ie=UTF8&qid=1417299617&sr=1-8&keywords=THE+COMPLETE+REFERENCE+VISUAL+C%2B%2B+.NET">http://www.amazon.com/Visual-NET-Reference-Chris-Pappas/dp/0072129581/ref=sr_1_8?s=books&ie=UTF8&qid=1417299617&sr=1-8&keywords=THE+COMPLETE+REFERENCE+VISUAL+C%2B%2B+.NET</a> |
| 906 ## - LOCAL DATA ELEMENT F, LDF (RLIN) | |
| a | 7 |
| b | cbc |
| c | copycat |
| d | 2 |
| e | ncip |
| f | 20 |
| g | y-gencatlg |
| 942 ## - ADDED ENTRY ELEMENTS (KOHA) | |
| Source of classification or shelving scheme | |
| Koha item type | Book |
| Withdrawn status | Lost status | Source of classification or shelving scheme | Damaged status | Not for loan | Permanent Location | Current Location | Shelving location | Date acquired | Source of acquisition | Cost, normal purchase price | Total Checkouts | Full call number | Barcode | Date last seen | Cost, replacement price | Price effective from | Koha item type |
|---|---|---|---|---|---|---|---|---|---|---|---|---|---|---|---|---|---|
| Pakistan Navy Engineering College (PNEC) | Pakistan Navy Engineering College (PNEC) | 05/16/2007 | - | 834.00 | 005.268 MUR | PNECLIB-028272 | 11/30/2014 | 834.00 | 05/16/2007 | Book |
